Statistics for Arctic Monkeys Songs

Click here to take the quiz!

General Stats

  • This quiz has been taken 1,507 times
    (828 since last reset)
  • The average score is 42 of 135

Answer Stats

AlbumSong% Correct
AMDo I Wanna Know?
87%
AMR U Mine?
86%
Favourite Worst NightmareFluorescent Adolescent
86%
Whatever People Say I Am, That's What I'm NotI Bet You Look Good On The Dancefloor
86%
Favourite Worst NightmareBrianstorm
85%
Favourite Worst NightmareTeddy Picker
84%
Favourite Worst Nightmare505
82%
Whatever People Say I Am, That's What I'm NotWhen The Sun Goes Down
82%
Suck It And SeeSuck It And See
77%
HumbugCrying Lightning
77%
AMWhy'd You Only Call Me When You're High?
77%
Whatever People Say I Am, That's What I'm NotMardy Bum
76%
HumbugCornerstone
75%
AMArabella
75%
AMOne For The Road
70%
HumbugMy Propeller
69%
Suck It And SeeBlack Treacle
68%
AMKnee Socks
66%
Whatever People Say I Am, That's What I'm NotA Certain Romance
65%
Suck It And SeeDon't Sit Down 'Cause I've Moved Your Chair
65%
AMI Wanna Be Yours
64%
Whatever People Say I Am, That's What I'm NotRiot Van
62%
Whatever People Say I Am, That's What I'm NotThe View From The Afternoon
61%
Favourite Worst NightmareOld Yellow Bricks
60%
Whatever People Say I Am, That's What I'm NotFake Tales Of San Francisco
60%
Whatever People Say I Am, That's What I'm NotDancing Shoes
58%
AMSnap Out Of It
55%
Leave Before The Lights Come On - SingleLeave Before The Lights Come On
54%
Favourite Worst NightmareBalaclava
54%
Suck It And SeeThe Hellcat Spangled Shalalala
54%
AMFireside
54%
Whatever People Say I Am, That's What I'm NotFrom The Ritz To The Rubble
54%
AMNo. 1 Party Anthem
51%
Favourite Worst NightmareD Is For Dangerous
51%
Favourite Worst NightmareDo Me A Favour
47%
Whatever People Say I Am, That's What I'm NotRed Light Indicates That Doors Are Secured
46%
AMMad Sounds
45%
Favourite Worst NightmareOnly Ones Who Know
44%
Favourite Worst NightmareThis House Is A Circus
42%
HumbugPretty Visitors
41%
Who The Fuck Are Arctic Monkeys? - EPWho The Fuck Are Arctic Monkeys?
41%
Matador / Da Frame 2R - SingleMatador
40%
Whatever People Say I Am, That's What I'm NotStill Take You Home
40%
Whatever People Say I Am, That's What I'm NotPerhaps Vampires Is A Bit Strong But...
40%
Come Together - SingleCome Together
39%
HumbugSecret Door
39%
Favourite Worst NightmareThe Bad Thing
39%
Suck It And SeeBrick By Brick
38%
Suck It And SeePiledriver Waltz
38%
Suck It And SeeLove Is A Laserquest
37%
AMI Want It All
37%
HumbugDangerous Animals
37%
Suck It And SeeShe's Thunderstorms
36%
Whatever People Say I Am, That's What I'm NotYou Probably Couldn't See For The Lights But You Were Staring Straight At Me
36%
Who The Fuck Are Arctic Monkeys? - EPNo Buses
35%
HumbugThe Jeweller's Hands
34%
Favourite Worst NightmareIf You Were There, Beware
33%
Suck It And SeeLibrary Pictures
33%
HumbugDance Little Liar
32%
HumbugPotion Approaching
31%
I Bet You Look Good On The Dancefloor - SingleBigger Boys And Stolen Sweethearts
31%
Matador / Da Frame 2R - SingleDa Frame 2R
29%
HumbugFire And The Thud
28%
Leave Before The Lights Come On - SingleBaby I'm Yours
28%
Who The Fuck Are Arctic Monkeys? - EPCigarette Smoker Fiona
26%
Suck It And SeeReckless Serenade
26%
Suck It And SeeThat's Where You're Wrong
25%
Tranquility Base Hotel & CasinoFour Out Of Five
24%
Who The Fuck Are Arctic Monkeys? - EPDespair In The Departure Lounge
23%
Suck It And SeeAll My Own Stunts
22%
Why'd You Only Call Me When You're High? - SingleStop The World I Wanna Get Off With You
22%
Do I Wanna Know? - Single2013
21%
Fluorescent Adolescent - SingleThe Bakery
20%
Crying Lightning - SingleRed Right Hand
19%
Tranquility Base Hotel & CasinoThe Ultracheese
18%
Tranquility Base Hotel & CasinoStar Treatment
18%
When The Sun Goes Down - Single7
17%
Suck It And See - SingleEvil Twin
16%
One For The Road - SingleYou're So Dark
15%
Tranquility Base Hotel & CasinoOne Point Perspective
14%
Teddy Picker - SingleNettles
14%
R U Mine? - SingleElectricity
14%
Cornerstone - SingleCatapult
14%
Tranquility Base Hotel & CasinoTranquility Base Hotel & Casino
13%
Tranquility Base Hotel & CasinoBatphone
12%
Brianstorm - SingleTemptation Greets You Like Your Naughty Friend
12%
Tranquility Base Hotel & CasinoAmerican Sports
12%
Fluorescent Adolescent - SingleToo Much To Ask
11%
Leave Before The Lights Come On - SinglePut Your Dukes Up John
11%
Fluorescent Adolescent - SinglePlastic Tramp
11%
Black Treacle - SingleYou & I
10%
Don't Sit Down 'Cause I've Moved Your Chair - SingleI.D.S.T.
10%
Cornerstone - SingleSketchead
10%
Tranquility Base Hotel & CasinoShe Looks Like Fun
10%
I Bet You Look Good On The Dancefloor - SingleChun-Li's Spinning Bird Kick
10%
Tranquility Base Hotel & CasinoGolden Trunks
10%
Covers & UnreleasedDiamonds Are Forever
9%
My Propeller - SingleThe Afternoon's Hat
9%
My Propeller - SingleJoining The Dots
9%
Cornerstone - SingleFright Lined Dining Room
9%
When The Sun Goes Down - SingleStickin' To The Floor
9%
Covers & UnreleasedLove Machine
8%
Crying Lightning - SingleI Haven't Got My Strange
8%
Tranquility Base Hotel & CasinoScience Fiction
8%
Teddy Picker - SingleBad Woman
8%
Covers & UnreleasedHold On, We're Going Home
8%
Tranquility Base Hotel & CasinoThe World's First Ever Monster Truck Front Flip
8%
Beneath The BoardwalkChoo Choo
8%
Teddy Picker - SingleThe Death Ramps
7%
My Propeller - SingleDon't Forget Whose Legs You're On
7%
Tranquility Base Hotel & Casino - SingleAnyways
7%
When The Sun Goes Down - SingleSettle For A Draw
7%
Covers & UnreleasedFeels Like We Only Go Backwards
6%
Covers & UnreleasedYou Know I'm No Good
6%
Brianstorm - SingleWhat If You Were Right The First Time
6%
Brianstorm - SingleIf You Found This It's Probably Too Late
6%
Don't Sit Down 'Cause I've Moved Your Chair - SingleThe Blond-O-Sonic Shimmer Trap
6%
The Hellcat Spangled Shalalala - SingleLittle Illusion Machine (Wirral Riddler)
6%
Covers & UnreleasedKaty On A Mission
5%
Beneath The BoardwalkSpace Invaders
4%
Covers & UnreleasedThe Lovers
4%
Beneath The BoardwalkCurtains Closed
4%
Covers & UnreleasedAll My Loving
3%
Beneath The BoardwalkOn The Run From The MI5
3%
Covers & UnreleasedWalk On The Wild Side
3%
Beneath The BoardwalkRavey Ravey Ravey Club
3%
Covers & UnreleasedStrange
3%
Beneath The BoardwalkKnock A Door Run
3%
Covers & UnreleasedTake It Or Leave It
2%
Beneath The BoardwalkWavin' Bye To The Train Or Bus
2%
Covers & UnreleasedOnly You Know
2%
Covers & UnreleasedSandtrap
2%
Covers & UnreleasedWagon On The Way To The Stripey Tent
2%
Covers & UnreleasedPut Me In A Terror Pocket
2%
Covers & UnreleasedColour Of The Trap
1%

Score Distribution

Percentile by Number Answered

Percent of People with Each Score

Your Score History

You have not taken this quiz since the last reset